[Event "30. Off. Senioren-LEM Sachsen-Anhalt 65+"]
[Site "Magdeburg"]
[Date "2022.08.04"]
[Time "10:00:00"]
[Round "4.1"]
[White "Kahe, Ralph"]
[Black "Matthey, Harald"]
[Result "1-0"]
[WhiteElo "2115"]
[BlackElo "2074"]
[WhiteTeam "SV Rochade Magdeburg 96"]
[BlackTeam "SK Dessau 93"]

1. d4 {[%clk 1:30:58]} d6 {[%clk 1:30:53]} 2. e4 {[%clk 1:31:23]} Nf6 {[%clk
1:31:13]} 3. f3 {[%clk 1:31:48]} e5 {[%clk 1:28:39]} 4. d5 {[%clk 1:27:00]} Be7
{[%clk 1:28:16]} 5. Be3 {[%clk 1:27:24]} O-O {[%clk 1:28:30]} 6. Qd2 {[%clk
1:27:46]} c6 {[%clk 1:28:27]} 7. c4 {[%clk 1:28:10]} Ne8 {[%clk 1:27:18]} 8. Bd3
{[%clk 1:28:25]} f5 {[%clk 1:26:29]} 9. exf5 {[%clk 1:28:47]} cxd5 {[%clk
1:26:25]} 10. cxd5 {[%clk 1:29:07]} Bxf5 {[%clk 1:26:32]} 11. Bxf5 {[%clk
1:29:31]} Rxf5 {[%clk 1:26:53]} 12. Ne2 {[%clk 1:29:52]} Nd7 {[%clk 1:12:05]} 13.
O-O {[%clk 1:28:49]} Nb6 {[%clk 1:12:06]} 14. Qd3 {[%clk 1:28:36]} Rf7 {[%clk
1:10:48]} 15. Nbc3 {[%clk 1:28:47]} Nf6 {[%clk 1:07:21]} 16. Ng3 {[%clk 1:28:48]}
Rc8 {[%clk 1:07:06]} 17. b3 {[%clk 1:29:03]} Nbd7 {[%clk 1:00:47]} 18. b4 {[%clk
1:17:09]} Nb6 {[%clk 0:59:45]} 19. Rac1 {[%clk 1:16:54]} Bf8 {[%clk 0:56:57]} 20.
Nge4 {[%clk 1:14:48]} Nc4 {[%clk 0:50:27]} 21. Ng5 {[%clk 0:58:28]} Re7 {[%clk
0:38:49]} 22. Bxa7 {[%clk 0:55:08]} Qd7 {[%clk 0:24:03]} 23. Bf2 {[%clk 0:51:53]}
b5 {[%clk 0:24:10]} 24. Nge4 {[%clk 0:51:16]} Qb7 {[%clk 0:22:34]} 25. Bh4 {[%clk
0:49:38]} Rf7 {[%clk 0:19:50]} 26. Ng5 {[%clk 0:49:01]} Rd7 {[%clk 0:17:08]} 27.
Bf2 {[%clk 0:44:14]} g6 {[%clk 0:16:39]} 28. Nce4 {[%clk 0:43:35]} Nh5 {[%clk
0:14:38]} 29. Ne6 {[%clk 0:43:52]} Bh6 {[%clk 0:14:16]} 30. Rc2 {[%clk 0:44:00]}
Kh8 {[%clk 0:13:39]} 31. a4 {[%clk 0:43:57]} Nf4 {[%clk 0:11:09]} 32. Nxf4 {[%clk
0:44:17]} Bxf4 {[%clk 0:11:37]} 33. g3 {[%clk 0:40:02]} Bh6 {[%clk 0:12:00]} 34.
axb5 {[%clk 0:35:44]} Qxb5 {[%clk 0:11:26]} 35. Nc5 {[%clk 0:35:54]} dxc5 {[%clk
0:11:04]} 36. Rxc4 {[%clk 0:36:14]} Rcd8 {[%clk 0:10:36]} 37. bxc5 {[%clk
0:36:19]} Rxd5 {[%clk 0:10:55]} 38. Qe4 {[%clk 0:35:51]} Qc6 {[%clk 0:08:35]} 39.
Kg2 {[%clk 0:35:29]} Rc8 {[%clk 0:07:56]} 40. Rb1 {[%clk 0:34:01]} Qd7 {[%clk
0:05:57]} 41. Rb6 {[%clk 0:31:59]} Rc6 {[%clk 0:28:01]} 42. Rxc6 {[%clk 1:02:11]}
Qxc6 {[%clk 0:28:29]} 43. Rb4 {[%clk 1:02:19]} Bf8 {[%clk 0:25:31]} 44. Rb8
{[%clk 1:02:32]} Kg7 {[%clk 0:25:30]} 45. Rd8 {[%clk 1:02:40]} Rxc5 {[%clk
0:25:28]} 46. Bxc5 {[%clk 1:02:51]} Qxc5 {[%clk 0:25:39]} 47. Rd7+ {[%clk
1:03:03]} Be7 {[%clk 0:23:53]} 48. Qd5 {[%clk 1:02:46]} Qc2+ {[%clk 0:24:02]} 49.
Qd2 {[%clk 0:59:22]} Qc5 {[%clk 0:24:24]} 50. Qa2 {[%clk 0:59:05]} Kf6 {[%clk
0:24:07]} 51. Qa6+ {[%clk 0:58:59]} Kf7 {[%clk 0:24:10]} 52. Qd3 {[%clk 0:59:12]}
Ke6 {[%clk 0:21:57]} 53. Rb7 {[%clk 0:59:26]} Kf6 {[%clk 0:20:50]} 54. Rb5 {[%clk
0:59:38]} Qc6 {[%clk 0:17:43]} 55. Ra5 {[%clk 0:58:47]} Qc7 {[%clk 0:16:16]} 56.
Ra6+ {[%clk 0:56:55]} Kg7 {[%clk 0:16:25]} 57. Qe4 {[%clk 0:56:52]} Bf6 {[%clk
0:15:30]} 58. Qc6 {[%clk 0:56:54]} Qd8 {[%clk 0:13:54]} 59. Qd6 {[%clk 0:57:15]}
Qxd6 {[%clk 0:12:36]} 60. Rxd6 {[%clk 0:57:44]} h5 {[%clk 0:12:40]} 61. Kf1
{[%clk 0:58:02]} h4 {[%clk 0:10:19]} 62. Ke2 {[%clk 0:56:04]} g5 {[%clk 0:08:40]}
63. g4 {[%clk 0:56:21]} Kf7 {[%clk 0:07:59]} 64. h3 {[%clk 0:56:40]} Be7 {[%clk
0:08:03]} 65. Rc6 {[%clk 0:57:01]} Bb4 {[%clk 0:07:12]} 66. Kd3 {[%clk 0:57:24]}
1-0

[Event "30. Off. Senioren-LEM Sachsen-Anhalt 65+"]
[Site "Magdeburg"]
[Date "2022.08.04"]
[Time "10:00:00"]
[Round "4.2"]
[White "Pruefer, Friedbert, Dr."]
[Black "Erler, Rainer"]
[Result "1-0"]
[WhiteElo "2274"]
[BlackElo "2073"]
[WhiteTeam "TSG 1861 Taucha"]
[BlackTeam "SK Dessau 93"]

1. d4 {[%clk 1:30:59]} d5 {[%clk 1:30:59]} 2. Bf4 {[%clk 1:31:22]} c5 {[%clk
1:31:17]} 3. e4 {[%clk 1:31:48]} cxd4 {[%clk 1:27:26]} 4. Qxd4 {[%clk 1:31:46]}
Nc6 {[%clk 1:24:28]} 5. Qxd5 {[%clk 1:31:28]} Qxd5 {[%clk 1:24:20]} 6. exd5
{[%clk 1:31:56]} Nb4 {[%clk 1:24:49]} 7. Bb5+ {[%clk 1:31:48]} Bd7 {[%clk
1:25:01]} 8. Bxd7+ {[%clk 1:32:13]} Kxd7 {[%clk 1:25:30]} 9. Na3 {[%clk 1:32:34]}
Nxd5 {[%clk 1:18:47]} 10. O-O-O {[%clk 1:31:47]} Kc6 {[%clk 1:19:03]} 11. Bg3
{[%clk 1:27:07]} f6 {[%clk 1:04:13]} 12. Nc4 {[%clk 1:07:27]} Nc7 {[%clk
0:45:18]} 13. Nf3 {[%clk 0:59:17]} Nh6 {[%clk 0:15:59]} 14. Nd4+ {[%clk 0:51:46]}
Kc5 {[%clk 0:16:28]} 15. Bxc7 {[%clk 0:51:13]} Kxc4 {[%clk 0:16:56]} 16. Ne6
{[%clk 0:48:47]} Kb5 {[%clk 0:13:36]} 17. Rd5+ {[%clk 0:35:29]} Kc6 {[%clk
0:13:51]} 18. Rhd1 {[%clk 0:35:45]} b6 {[%clk 0:13:45]} 19. Nd8+ {[%clk 0:28:04]}
Kxc7 {[%clk 0:14:05]} 20. Rd7+ {[%clk 0:28:23]} Kc8 {[%clk 0:13:29]} 21. Ne6
{[%clk 0:28:32]} Nf7 {[%clk 0:13:56]} 22. Rc7+ {[%clk 0:28:47]} Kb8 {[%clk
0:14:24]} 23. Rdd7 {[%clk 0:28:56]} 1-0

[Event "30. Off. Senioren-LEM Sachsen-Anhalt 65+"]
[Site "Magdeburg"]
[Date "2022.08.04"]
[Time "10:00:00"]
[Round "4.3"]
[White "Pichler, Manfred, Dr."]
[Black "Becker, Michael"]
[Result "0-1"]
[WhiteElo "1987"]
[BlackElo "2282"]
[WhiteTeam "USV Halle"]
[BlackTeam "USV Halle"]

1. c4 {[%clk 1:30:54]} c5 {[%clk 1:30:41]} 2. Nc3 {[%clk 1:30:13]} Nc6 {[%clk
1:31:02]} 3. g3 {[%clk 1:28:39]} g6 {[%clk 1:31:22]} 4. Bg2 {[%clk 1:29:01]} Bg7
{[%clk 1:31:43]} 5. Nf3 {[%clk 1:28:49]} d6 {[%clk 1:31:45]} 6. d3 {[%clk
1:23:53]} e5 {[%clk 1:30:50]} 7. e4 {[%clk 1:21:09]} Nge7 {[%clk 1:30:42]} 8. O-O
{[%clk 1:01:48]} O-O {[%clk 1:30:48]} 9. a3 {[%clk 0:59:22]} a5 {[%clk 1:27:24]}
10. Bd2 {[%clk 0:56:14]} f5 {[%clk 1:24:30]} 11. Qc1 {[%clk 0:53:03]} fxe4 {[%clk
1:23:03]} 12. dxe4 {[%clk 0:47:22]} Bg4 {[%clk 1:22:15]} 13. Ne1 {[%clk 0:45:36]}
Nd4 {[%clk 1:19:27]} 14. f3 {[%clk 0:36:15]} Be6 {[%clk 1:19:27]} 15. Qd1 {[%clk
0:35:10]} Bxc4 {[%clk 1:19:01]} 16. Bg5 {[%clk 0:30:59]} Bf6 {[%clk 1:09:48]} 17.
Bxf6 {[%clk 0:18:27]} Rxf6 {[%clk 1:09:50]} 18. Nd3 {[%clk 0:18:52]} Qf8 {[%clk
1:06:40]} 19. Rf2 {[%clk 0:19:02]} Qf7 {[%clk 1:05:43]} 20. Ne1 {[%clk 0:18:26]}
Rf8 {[%clk 1:03:27]} 21. Rb1 {[%clk 0:18:38]} Bb3 {[%clk 1:01:13]} 22. Qd2 {[%clk
0:16:17]} Nec6 {[%clk 0:57:00]} 23. Qg5 {[%clk 0:10:05]} b5 {[%clk 0:54:02]} 24.
Rc1 {[%clk 0:10:09]} Kg7 {[%clk 0:52:19]} 25. Nb1 {[%clk 0:09:59]} a4 {[%clk
0:49:38]} 26. Nd2 {[%clk 0:10:00]} Be6 {[%clk 0:49:54]} 27. Qe3 {[%clk 0:09:46]}
h6 {[%clk 0:49:31]} 28. Nd3 {[%clk 0:08:55]} g5 {[%clk 0:49:09]} 29. h3 {[%clk
0:03:23]} Na5 {[%clk 0:48:14]} 30. Qe1 {[%clk 0:06:11]} Nc4 {[%clk 0:47:50]} 31.
Nb1 {[%clk 0:05:46]} Nxf3+ {[%clk 0:46:42]} 32. Bxf3 {[%clk 0:05:38]} Rxf3 {[%clk
0:47:07]} 33. Rcc2 {[%clk 0:04:36]} Rxg3+ {[%clk 0:46:05]} 34. Kf1 {[%clk
0:03:20]} Bxh3+ {[%clk 0:46:11]} 35. Ke2 {[%clk 0:03:31]} Re3+ {[%clk 0:45:57]}
0-1

[Event "30. Off. Senioren-LEM Sachsen-Anhalt 65+"]
[Site "Magdeburg"]
[Date "2022.08.04"]
[Time "10:00:00"]
[Round "4.4"]
[White "Ruether, Rudolf"]
[Black "Kliewe, Hans-Juergen"]
[Result "0-1"]
[WhiteElo "2050"]
[BlackElo "2111"]
[WhiteTeam "Erfurter Schachklub"]
[BlackTeam "ASV Gruen-Weiss Wismar"]

1. d4 {[%clk 1:30:42]} d5 {[%clk 1:30:52]} 2. Nf3 {[%clk 1:31:03]} Nf6 {[%clk
1:31:06]} 3. c4 {[%clk 1:31:24]} c6 {[%clk 1:31:27]} 4. Nc3 {[%clk 1:31:46]} dxc4
{[%clk 1:31:50]} 5. a4 {[%clk 1:31:50]} Bf5 {[%clk 1:32:04]} 6. e3 {[%clk
1:32:11]} e6 {[%clk 1:32:20]} 7. Bxc4 {[%clk 1:32:21]} Bb4 {[%clk 1:32:23]} 8.
O-O {[%clk 1:32:11]} O-O {[%clk 1:32:39]} 9. Qe2 {[%clk 1:31:59]} Bg4 {[%clk
1:28:12]} 10. h3 {[%clk 1:29:52]} Bh5 {[%clk 1:28:34]} 11. Rd1 {[%clk 1:28:58]}
Qa5 {[%clk 1:27:14]} 12. Bd2 {[%clk 1:19:07]} Rd8 {[%clk 1:21:35]} 13. Be1 {[%clk
1:15:23]} Nbd7 {[%clk 1:16:13]} 14. e4 {[%clk 0:54:27]} Nb6 {[%clk 1:11:18]} 15.
Bb3 {[%clk 0:52:46]} c5 {[%clk 1:06:54]} 16. dxc5 {[%clk 0:34:08]} Qxc5 {[%clk
1:06:35]} 17. Rac1 {[%clk 0:34:06]} Qe7 {[%clk 1:04:02]} 18. g4 {[%clk 0:29:18]}
Bg6 {[%clk 1:04:00]} 19. Ne5 {[%clk 0:29:26]} Nfd7 {[%clk 0:59:51]} 20. Nxg6
{[%clk 0:20:30]} hxg6 {[%clk 1:00:10]} 21. f3 {[%clk 0:20:31]} Ne5 {[%clk
0:55:20]} 22. Bg3 {[%clk 0:18:58]} Nc6 {[%clk 0:54:54]} 23. Bf2 {[%clk 0:11:20]}
Bc5 {[%clk 0:49:59]} 24. Bc4 {[%clk 0:08:48]} Bxf2+ {[%clk 0:50:08]} 0-1

[Event "30. Off. Senioren-LEM Sachsen-Anhalt 65+"]
[Site "Magdeburg"]
[Date "2022.08.04"]
[Time "10:00:00"]
[Round "4.5"]
[White "Zschunke, Werner"]
[Black "Grimm, Uwe"]
[Result "0-1"]
[WhiteElo "1941"]
[BlackElo "2121"]
[WhiteTeam "Schachklub Schweinfurt 2000 e.V."]
[BlackTeam "MTV Dannenberg"]

1. c4 {[%clk 1:30:58]} Nc6 {[%clk 1:30:32]} 2. g3 {[%clk 1:31:15]} e5 {[%clk
1:29:52]} 3. Bg2 {[%clk 1:31:40]} Nf6 {[%clk 1:28:52]} 4. Nc3 {[%clk 1:31:12]} a5
{[%clk 1:25:27]} 5. Nf3 {[%clk 1:31:04]} d6 {[%clk 1:20:55]} 6. O-O {[%clk
1:30:24]} Be7 {[%clk 1:14:51]} 7. d4 {[%clk 1:29:30]} O-O {[%clk 1:10:56]} 8. a3
{[%clk 1:27:23]} Bg4 {[%clk 1:09:24]} 9. d5 {[%clk 1:26:19]} Nb8 {[%clk 1:09:20]}
10. h3 {[%clk 1:25:18]} Bd7 {[%clk 1:07:16]} 11. e4 {[%clk 1:19:53]} Na6 {[%clk
1:06:10]} 12. Be3 {[%clk 1:19:52]} b6 {[%clk 1:05:39]} 13. Rb1 {[%clk 1:14:53]}
a4 {[%clk 0:58:54]} 14. Nd2 {[%clk 0:58:07]} Nc5 {[%clk 0:55:01]} 15. f4 {[%clk
0:52:51]} h6 {[%clk 0:39:44]} 16. f5 {[%clk 0:50:12]} Nh7 {[%clk 0:39:24]} 17. h4
{[%clk 0:47:38]} Kh8 {[%clk 0:37:32]} 18. Nf3 {[%clk 0:39:00]} Rg8 {[%clk
0:34:23]} 19. Nh2 {[%clk 0:36:58]} Be8 {[%clk 0:33:12]} 20. h5 {[%clk 0:33:31]}
Bg5 {[%clk 0:31:42]} 21. Qe2 {[%clk 0:31:12]} Bxe3+ {[%clk 0:29:06]} 22. Qxe3
{[%clk 0:31:37]} Qg5 {[%clk 0:27:40]} 23. Qxg5 {[%clk 0:29:51]} hxg5 {[%clk
0:26:32]} 24. Rfe1 {[%clk 0:26:05]} Ra5 {[%clk 0:25:32]} 25. Bf3 {[%clk 0:20:45]}
Nb3 {[%clk 0:20:29]} 26. Rbd1 {[%clk 0:18:21]} Nd4 {[%clk 0:17:39]} 27. Ne2
{[%clk 0:16:27]} Nc2 {[%clk 0:17:14]} 28. Kf2 {[%clk 0:12:27]} Nxe1 {[%clk
0:17:16]} 29. Kxe1 {[%clk 0:12:55]} Rc5 {[%clk 0:17:00]} 30. Rc1 {[%clk 0:12:35]}
b5 {[%clk 0:16:48]} 31. Nf1 {[%clk 0:09:40]} Rxc4 {[%clk 0:12:11]} 32. Rxc4
{[%clk 0:09:26]} bxc4 {[%clk 0:12:35]} 33. Ne3 {[%clk 0:09:30]} Bd7 {[%clk
0:12:13]} 34. Nc3 {[%clk 0:08:36]} Rb8 {[%clk 0:09:24]} 35. Nxc4 {[%clk 0:08:55]}
Nf6 {[%clk 0:08:12]} 36. g4 {[%clk 0:08:15]} Rb3 {[%clk 0:04:46]} 37. Kd2 {[%clk
0:06:52]} Bb5 {[%clk 0:04:15]} 0-1

[Event "30. Off. Senioren-LEM Sachsen-Anhalt 65+"]
[Site "Magdeburg"]
[Date "2022.08.04"]
[Time "10:00:00"]
[Round "4.6"]
[White "Bauer, Burkhard"]
[Black "Kirmas, Joachim, Dr."]
[Result "1/2-1/2"]
[WhiteElo "2097"]
[BlackElo "1943"]
[WhiteTeam "SV Aufbau Bernburg"]
[BlackTeam "USV Halle"]

1. c4 {[%clk 1:30:30]} Nf6 {[%clk 0:00:05]} 2. Nc3 {[%clk 1:31:00]} d5 {[%clk
1:30:42]} 3. cxd5 {[%clk 1:31:30]} Nxd5 {[%clk 1:30:49]} 4. g3 {[%clk 1:32:00]}
c6 {[%clk 1:30:47]} 5. Bg2 {[%clk 1:32:30]} g6 {[%clk 1:30:38]} 6. Qb3 {[%clk
1:33:00]} e6 {[%clk 1:27:45]} 7. e4 {[%clk 1:33:30]} Nb4 {[%clk 1:26:19]} 8. Bf1
{[%clk 1:34:00]} Nd3+ {[%clk 1:24:44]} 9. Bxd3 {[%clk 1:34:30]} Qxd3 {[%clk
1:25:09]} 10. Nge2 {[%clk 1:35:00]} Bh6 {[%clk 1:19:26]} 11. Qa3 {[%clk 1:35:30]}
Nd7 {[%clk 1:17:30]} 12. O-O {[%clk 1:36:00]} Ne5 {[%clk 1:13:30]} 13. Qc5 {[%clk
1:36:30]} Nf3+ {[%clk 1:12:00]} 14. Kg2 {[%clk 1:37:00]} e5 {[%clk 1:08:16]} 15.
Ng1 {[%clk 1:37:30]} Nxh2 {[%clk 1:02:44]} 16. Qxe5+ {[%clk 1:38:00]} Kd7 {[%clk
1:00:23]} 17. Qxh8 {[%clk 1:38:30]} Qxf1+ {[%clk 0:56:48]} 18. Kxh2 {[%clk
1:39:00]} Qxf2+ {[%clk 0:54:04]} 19. Kh1 {[%clk 1:39:30]} Qxg3 {[%clk 0:54:01]}
20. Nge2 {[%clk 1:40:00]} Qh4+ {[%clk 0:49:44]} 21. Kg2 {[%clk 1:40:30]} Ke7
{[%clk 0:49:07]} 22. Qe5+ {[%clk 1:41:00]} Kf8 {[%clk 0:49:28]} 23. Qh8+ {[%clk
1:41:30]} 1/2-1/2

[Event "30. Off. Senioren-LEM Sachsen-Anhalt 65+"]
[Site "Magdeburg"]
[Date "2022.08.04"]
[Time "10:00:00"]
[Round "4.7"]
[White "Domsgen, Bernd"]
[Black "Glaeser, Wilfried"]
[Result "1/2-1/2"]
[WhiteElo "1930"]
[BlackElo "2090"]
[WhiteTeam "Burger SK Schwarz-Weiss"]
[BlackTeam "SK Anderten"]

1. e4 {[%clk 1:30:56]} c6 {[%clk 1:30:46]} 2. d4 {[%clk 1:31:20]} d5 {[%clk
1:31:03]} 3. e5 {[%clk 1:31:48]} Bf5 {[%clk 1:31:21]} 4. g4 {[%clk 1:29:26]} Bd7
{[%clk 1:31:22]} 5. Be3 {[%clk 1:27:56]} c5 {[%clk 1:25:08]} 6. c3 {[%clk
1:20:42]} Nc6 {[%clk 1:23:32]} 7. Nd2 {[%clk 1:17:26]} cxd4 {[%clk 1:22:11]} 8.
cxd4 {[%clk 1:17:54]} e6 {[%clk 1:14:41]} 9. a3 {[%clk 1:17:41]} h5 {[%clk
1:08:33]} 10. g5 {[%clk 1:14:31]} Nge7 {[%clk 1:08:39]} 11. Bd3 {[%clk 1:14:15]}
Nf5 {[%clk 1:07:08]} 12. Bxf5 {[%clk 1:14:26]} exf5 {[%clk 1:07:13]} 13. Ne2
{[%clk 1:14:09]} Be6 {[%clk 1:03:35]} 14. h4 {[%clk 1:13:59]} g6 {[%clk 1:03:42]}
15. Rc1 {[%clk 1:11:48]} Qd7 {[%clk 1:02:31]} 16. b4 {[%clk 1:11:16]} a5 {[%clk
0:52:13]} 17. b5 {[%clk 1:11:09]} Na7 {[%clk 0:52:08]} 18. a4 {[%clk 1:11:36]}
Bb4 {[%clk 0:51:24]} 19. Nf4 {[%clk 1:11:17]} Rc8 {[%clk 0:50:00]} 20. Ke2 {[%clk
1:11:34]} Ke7 {[%clk 0:47:12]} 21. Qb3 {[%clk 1:11:17]} Rxc1 {[%clk 0:46:48]} 22.
Rxc1 {[%clk 1:11:44]} Rc8 {[%clk 0:46:23]} 23. Nb1 {[%clk 1:10:57]} Rxc1 {[%clk
0:40:19]} 24. Bxc1 {[%clk 1:11:24]} Nc8 {[%clk 0:40:09]} 25. Nd3 {[%clk 1:11:11]}
Qc7 {[%clk 0:37:34]} 26. Bf4 {[%clk 1:10:48]} Qc4 {[%clk 0:36:56]} 27. Qb2 {[%clk
1:11:15]} Nb6 {[%clk 0:35:21]} 28. Na3 {[%clk 1:10:28]} Qc3 {[%clk 0:32:08]} 29.
Qxc3 {[%clk 1:09:22]} Bxc3 {[%clk 0:32:28]} 30. Nc5 {[%clk 1:04:16]} Bxd4 {[%clk
0:24:35]} 31. Nxb7 {[%clk 1:04:44]} Nxa4 {[%clk 0:20:18]} 32. Nxa5 {[%clk
1:04:30]} Bc5 {[%clk 0:17:43]} 33. Nc6+ {[%clk 1:03:53]} Kd7 {[%clk 0:17:18]} 34.
Nc2 {[%clk 1:03:50]} Nc3+ {[%clk 0:17:13]} 35. Ke1 {[%clk 1:01:03]} Nxb5 {[%clk
0:17:13]} 36. N6b4 {[%clk 1:01:29]} d4 {[%clk 0:13:39]} 37. Bd2 {[%clk 0:58:28]}
Bc4 {[%clk 0:10:33]} 38. f4 {[%clk 0:58:28]} Nc3 {[%clk 0:06:44]} 39. Na3 {[%clk
0:56:18]} Bb3 {[%clk 0:05:45]} 40. Nac2 {[%clk 0:56:28]} Ne4 {[%clk 0:03:58]} 41.
Ke2 {[%clk 0:54:37]} Nxd2 {[%clk 0:00:59]} 42. Kxd2 {[%clk 0:55:04]} Bxc2 {[%clk
0:01:04]} 43. Nxc2 {[%clk 0:55:30]} Kc6 {[%clk 0:29:26]} 44. Kd3 {[%clk 1:24:53]}
Kd5 {[%clk 0:29:29]} 45. Ne1 {[%clk 1:25:02]} Bb4 {[%clk 0:29:45]} 46. Nf3 {[%clk
1:25:21]} Bc3 {[%clk 0:29:55]} 47. Ng1 {[%clk 1:21:22]} Be1 {[%clk 0:29:11]} 48.
Nf3 {[%clk 1:21:44]} Bg3 {[%clk 0:24:50]} 49. Nxd4 {[%clk 1:21:45]} Bxf4 {[%clk
0:25:04]} 50. Nf3 {[%clk 1:19:00]} Bxe5 {[%clk 0:25:21]} 51. Ke3 {[%clk 1:19:10]}
Bg3 {[%clk 0:25:30]} 52. Kd3 {[%clk 1:19:16]} Bf2 {[%clk 0:25:53]} 53. Ke2 {[%clk
1:19:46]} Bg3 {[%clk 0:24:47]} 54. Ke3 {[%clk 1:18:50]} Kc4 {[%clk 0:22:31]} 55.
Kd2 {[%clk 1:18:39]} f4 {[%clk 0:21:37]} 56. Kc2 {[%clk 1:19:04]} Bf2 {[%clk
0:19:59]} 57. Kd2 {[%clk 1:19:09]} Bd4 {[%clk 0:20:02]} 58. Ke2 {[%clk 1:19:09]}
f6 {[%clk 0:20:15]} 59. Kd2 {[%clk 1:16:58]} Bc3+ {[%clk 0:20:27]} 60. Ke2 {[%clk
1:17:23]} fxg5 {[%clk 0:20:41]} 61. hxg5 {[%clk 1:17:43]} Kd5 {[%clk 0:20:23]}
62. Nh4 {[%clk 1:17:32]} Ke4 {[%clk 0:20:32]} 63. Nxg6 {[%clk 1:17:57]} f3+
{[%clk 0:20:36]} 64. Kf1 {[%clk 1:18:17]} Bd2 {[%clk 0:20:30]} 65. Nh4 {[%clk
1:18:37]} Bxg5 {[%clk 0:20:47]} 66. Nxf3 {[%clk 1:19:07]} 1/2-1/2

[Event "30. Off. Senioren-LEM Sachsen-Anhalt 65+"]
[Site "Magdeburg"]
[Date "2022.08.04"]
[Time "10:00:00"]
[Round "4.8"]
[White "Haase, Reinhard"]
[Black "Bondick, Karl-Heinz"]
[Result "1/2-1/2"]
[WhiteElo "2088"]
[BlackElo "1864"]
[WhiteTeam "SC Fulda"]
[BlackTeam "USC Magdeburg"]

1. d4 {[%clk 1:30:54]} d5 {[%clk 1:30:58]} 2. c4 {[%clk 1:31:14]} e5 {[%clk
1:31:21]} 3. dxe5 {[%clk 1:31:31]} d4 {[%clk 1:31:47]} 4. Nf3 {[%clk 1:31:21]}
Nc6 {[%clk 1:32:01]} 5. g3 {[%clk 1:30:13]} Bg4 {[%clk 1:32:20]} 6. Nbd2 {[%clk
1:26:48]} Qd7 {[%clk 1:32:34]} 7. Bg2 {[%clk 1:26:01]} Rd8 {[%clk 1:32:46]} 8.
O-O {[%clk 1:22:09]} Nge7 {[%clk 1:33:08]} 9. Re1 {[%clk 1:11:57]} Ng6 {[%clk
1:31:00]} 10. Qa4 {[%clk 1:10:24]} Be7 {[%clk 1:16:03]} 11. a3 {[%clk 1:04:35]}
a5 {[%clk 1:08:34]} 12. Nb3 {[%clk 0:58:53]} b6 {[%clk 1:07:56]} 13. c5 {[%clk
0:52:15]} O-O {[%clk 1:03:14]} 14. cxb6 {[%clk 0:51:26]} cxb6 {[%clk 1:03:34]}
15. Bd2 {[%clk 0:47:45]} Be6 {[%clk 0:51:53]} 16. e3 {[%clk 0:39:37]} b5 {[%clk
0:50:14]} 17. Qxb5 {[%clk 0:34:12]} Rb8 {[%clk 0:50:21]} 18. Nc5 {[%clk 0:30:12]}
Rxb5 {[%clk 0:49:37]} 19. Nxd7 {[%clk 0:30:39]} Bxd7 {[%clk 0:49:45]} 20. Nxd4
{[%clk 0:29:51]} Nxd4 {[%clk 0:47:32]} 21. exd4 {[%clk 0:30:18]} Be6 {[%clk
0:45:41]} 22. Bc3 {[%clk 0:30:24]} Rc8 {[%clk 0:42:37]} 23. a4 {[%clk 0:25:51]}
Rb3 {[%clk 0:42:31]} 24. d5 {[%clk 0:25:52]} Bd7 {[%clk 0:42:00]} 25. d6 {[%clk
0:25:31]} Bd8 {[%clk 0:41:41]} 26. f4 {[%clk 0:06:07]} Nf8 {[%clk 0:42:11]} 27.
Bd5 {[%clk 0:01:59]} Rbb8 {[%clk 0:42:41]} 28. Red1 {[%clk 0:19:54]} Ne6 {[%clk
0:43:11]} 29. Re1 {[%clk 0:13:43]} Nc5 {[%clk 0:43:41]} 30. Bd4 {[%clk 0:11:19]}
Nb3 {[%clk 0:44:11]} 31. Bxb3 {[%clk 0:11:27]} Rxb3 {[%clk 0:44:41]} 32. Rec1
{[%clk 0:10:58]} Rxc1+ {[%clk 0:43:00]} 33. Rxc1 {[%clk 0:11:22]} Rb4 {[%clk
0:43:05]} 34. Bc3 {[%clk 0:10:01]} Rxa4 {[%clk 0:43:20]} 35. Kf1 {[%clk 0:08:30]}
Rc4 {[%clk 0:40:18]} 36. Ke2 {[%clk 0:07:47]} a4 {[%clk 0:40:08]} 37. Kd3 {[%clk
0:08:03]} Bb5 {[%clk 0:38:57]} 38. Kc2 {[%clk 0:07:29]} Ba5 {[%clk 0:35:10]} 39.
Rd1 {[%clk 0:06:50]} Kf8 {[%clk 0:32:23]} 40. Rd5 {[%clk 0:06:33]} Bxc3 {[%clk
0:21:33]} 41. Rxb5 {[%clk 0:04:28]} Bxe5+ {[%clk 0:17:46]} 42. Kd3 {[%clk
0:02:23]} Rd4+ {[%clk 0:17:46]} 43. Ke3 {[%clk 0:02:22]} Rxd6 {[%clk 0:18:11]}
44. fxe5 {[%clk 0:01:08]} Ra6 {[%clk 0:17:30]} 1/2-1/2

[Event "30. Off. Senioren-LEM Sachsen-Anhalt 65+"]
[Site "Magdeburg"]
[Date "2022.08.04"]
[Time "10:00:00"]
[Round "4.9"]
[White "Hartung, Lothar"]
[Black "Leibovitch, Iziaslav, Dr."]
[Result "1/2-1/2"]
[WhiteElo "1921"]
[BlackElo "2075"]
[WhiteTeam "SG Eintracht Neubrandenburg"]
[BlackTeam "SK Dessau 93"]

1. d4 {[%clk 1:30:55]} Nf6 {[%clk 1:30:52]} 2. Bf4 {[%clk 1:31:20]} d6 {[%clk
1:30:44]} 3. e3 {[%clk 1:31:28]} g6 {[%clk 1:31:05]} 4. h3 {[%clk 1:31:49]} Bg7
{[%clk 1:31:26]} 5. Be2 {[%clk 1:30:55]} O-O {[%clk 1:31:36]} 6. Nf3 {[%clk
1:30:56]} Nc6 {[%clk 1:31:45]} 7. c3 {[%clk 1:31:01]} Nd7 {[%clk 1:31:24]} 8. d5
{[%clk 1:26:48]} Nce5 {[%clk 1:30:51]} 9. Nbd2 {[%clk 1:26:39]} c6 {[%clk
1:28:05]} 10. dxc6 {[%clk 1:17:22]} bxc6 {[%clk 1:25:45]} 11. O-O {[%clk
1:16:20]} Rb8 {[%clk 1:22:22]} 12. Nb3 {[%clk 1:16:28]} a5 {[%clk 1:15:58]} 13.
Rb1 {[%clk 1:16:23]} Nxf3+ {[%clk 1:09:15]} 14. Bxf3 {[%clk 1:16:44]} e5 {[%clk
1:08:08]} 15. Bh2 {[%clk 1:16:57]} Qc7 {[%clk 1:03:36]} 16. Nd2 {[%clk 1:11:31]}
Nb6 {[%clk 0:52:09]} 17. Qc2 {[%clk 1:07:11]} Ba6 {[%clk 0:46:10]} 18. Rfe1
{[%clk 1:04:42]} f5 {[%clk 0:43:50]} 19. b4 {[%clk 1:04:32]} e4 {[%clk 0:38:20]}
20. Be2 {[%clk 1:04:51]} Bxe2 {[%clk 0:38:31]} 21. Rxe2 {[%clk 1:05:14]} Nd5
{[%clk 0:35:40]} 22. Nc4 {[%clk 1:02:48]} f4 {[%clk 0:31:05]} 23. Bxf4 {[%clk
1:02:56]} Rxf4 {[%clk 0:31:20]} 24. exf4 {[%clk 1:03:11]} Nxc3 {[%clk 0:31:37]}
25. Rbe1 {[%clk 1:00:24]} Nxe2+ {[%clk 0:30:45]} 26. Rxe2 {[%clk 1:00:13]} d5
{[%clk 0:24:23]} 27. Nxa5 {[%clk 0:58:10]} Rxb4 {[%clk 0:24:04]} 28. Nb3 {[%clk
0:58:02]} Rc4 {[%clk 0:22:43]} 29. Qd2 {[%clk 0:58:20]} Rc3 {[%clk 0:18:07]} 30.
g3 {[%clk 0:55:52]} Qb6 {[%clk 0:16:48]} 31. Re3 {[%clk 0:53:51]} Rc4 {[%clk
0:14:59]} 32. Kg2 {[%clk 0:51:34]} Bf8 {[%clk 0:12:26]} 33. Qd1 {[%clk 0:49:55]}
Ra4 {[%clk 0:10:51]} 34. Qg4 {[%clk 0:47:15]} Ra7 {[%clk 0:06:19]} 35. f5 {[%clk
0:46:52]} Rxa2 {[%clk 0:03:25]} 36. fxg6 {[%clk 0:46:15]} Qxe3 {[%clk 0:01:48]}
37. Qe6+ {[%clk 0:45:46]} Kh8 {[%clk 0:01:53]} 38. Qe5+ {[%clk 0:45:50]} 1/2-1/2